00495nam a2200193 a 4500001001300000003000900013005001700022008004100039020001000080082001700090100002000107245002500127260004200152300000900194500003500203505001200238650003100250700002000281nice12345678IN_TiNIC20260116011527.0050524s1952 kara grp 000 0 eng  ac10000a340.59bFAR1 aFaruki, Kemal A aIslamic Constitution aKarachibKhokhrapar Gateway Pubc1952 a146p aincludes index and biblioraphy2 ano. 643 aIslamic-Law Constitutional1 aFaruki, Kemal A